000 00912nam a2200277Ia 4500
003 OSt
005 20221006153745.0
006 a|||||r|||| 00| 0
007 ta
008 221006b |||||||| |||| 00| 0 eng d
020 _a0819177261
024 _a33,252
037 _bGift, Shinnyo-en
_cAnnuals, Advances
040 _aEASL
_cEASL
_beng
041 _2eng
_aeng
082 _aV42:19.N45<-M68, N0
100 _aWhite James W. Ed.
_9665295
245 0 _aAmbivalence of Nationlism
_bModern Japan between east and west
260 _aLanham
_bUniversity press of America
_c1990
300 _avii,267p.
_ccm.
490 _v JEL
700 _a Havens Thomas R.H. Ed.
_9665296
700 _a Umegaki Michio Ed.
_9665297
942 _hV42:19.N45<-M68, N0
_cREF
_2CC
999 _c1101338
_d1101338